Quartieri di Milano - Statistics

Statistiche generali
  • Questo quiz è stato fatto 804 volte
  • Il punteggio medio è 14 su 88
Statistiche sulle risposte
Quartieri di Milano % Corretto
San Siro
57%
Quarto Oggiaro
54%
L Lambrate
53%
I Isola
45%
Affori
43%
Bicocca
42%
Bovisa
42%
Corvetto
41%
B Baggio
40%
Città Studi
40%
R Rogoredo
38%
Barona
36%
Quartiere Forlanini
34%
Comasina
33%
D Dergano
32%
Porta Genova
32%
Q QT8
31%
Turro
27%
Crescenzago
26%
Lampugnano
26%
N Niguarda
26%
Cimiano
25%
Lorenteggio
25%
Gorla
23%
Progetto Porta Nuova
22%
Greco
20%
Precotto
20%
Vigentino
20%
Portello
19%
Bruzzano
18%
Calvairate
18%
Nolo
18%
O Ortica
18%
Quarto Cagnino
18%
Bovisasca
17%
G Gallaratese
17%
Gratosoglio
17%
Villapizzone
17%
Quartiere Chiesa Rossa
14%
Ticinese
13%
Maggiolina
12%
Quinto Romano
12%
Porto di Mare
11%
Santa Giulia
11%
Cascina Merlata
10%
Ponte Lambro
10%
Quadrilatero della moda
10%
S San Leonardo
9%
P Zona Paolo Sarpi
9%
A Acquabella
8%
Ghisolfa
8%
Casoretto
6%
Chiaravalle
6%
F Figino
6%
Ronchetto delle Rane
6%
Morivione
5%
Muggiano
5%
Musocco
5%
Quartiere Stadera
5%
Trenno
5%
C Cagnola
4%
Centro direzionale di Milano
4%
Conca del Naviglio
4%
Garegnano
4%
Monluè
4%
Quintosole
4%
Ronchetto sul Naviglio
4%
Roserio
4%
MIND
3%
Nosedo
3%
Quartiere Varesina
3%
T Taliedo
3%
Vialba
3%
Villaggio dei Giornalisti
3%
Zona Tortona
3%
Arzaga
2%
Boldinasco
2%
M Macconago
2%
Montalbino
2%
Morsenchio
2%
Prato Centenaro
2%
Rottole
2%
Segnano
2%
Sella Nuova
2%
Selvanesco
1%
V Vaiano Valle
1%
Bottonuco
0%
Cavriano
0%
Nessun quiz corrispondente trovato
Distribuzione punteggi
Percentuale di utenti per punteggio
Percentile per numero di risposta
I tuoi punteggi nel tempo
Non hai fatto questo quiz